Evaluation of foliar urea spray in rubber seedling nurseries (Record no. 48450)

MARC details
000 -LEADER
fixed length control field 00449nam a2200169Ia 4500
100 ## - MAIN ENTRY--AUTHOR NAME
Personal name Prasannakumari P
245 #0 - TITLE STATEMENT
Title Evaluation of foliar urea spray in rubber seedling nurseries
260 ## - PUBLICATION, DISTRIBUTION, ETC. (IMPRINT)
Name of publisher Natural Rubber Research
Year of publication 2009
300 ## - PHYSICAL DESCRIPTION
Number of Pages 146-150
650 ## - SUBJECT ADDED ENTRY--TOPICAL TERM
Topical Term Foliar urea spray
650 ## - SUBJECT ADDED ENTRY--TOPICAL TERM
Topical Term Nitrogen
650 ## - SUBJECT ADDED ENTRY--TOPICAL TERM
Topical Term Rubber seedling
700 ## - ADDED ENTRY--PERSONAL NAME
Personal name Jessy M D
700 ## - ADDED ENTRY--PERSONAL NAME
Personal name Joseph M
942 ## - ADDED ENTRY ELEMENTS (KOHA)
Koha item type Bibliography STAF
Holdings
Withdrawn status Lost status Damaged status Not for loan Home library Current library Shelving location Date acquired Serial Enumeration / chronology Koha item type
      Bibliography RRII Library RRII Library Agronomy 31/05/2011 Volume 22, Issue 1&2 Bibliography STAF